Measurement of the effect of vehicle ignition noise on land-mobile voice channels /

Bibliographic Details
Main Author: Hartman, W. J.
Corporate Author: United States. National Telecommunications and Information Administration
Format: Government Document eBook
Language:English
Published: [Washington, D.C.?] : U.S. Dept. of Commerce, National Telecommunications and Information Administration, 1980.
Series:NTIA report ; 80-43.
Subjects:
Online Access:https://purl.fdlp.gov/GPO/gpo30925

MARC

Tag First Indicator Second Indicator Subfields
LEADER 00000cam a2200000 a 4500
001 in00002786562
005 20211120170321.0
006 m o d f
007 cr un|||||||||
008 111108s1980 dcua ob f000 0 eng c
035 |a (OCoLC)ocn760003525 
040 |a OCLCE  |b eng  |c OCLCE  |d GPO  |d MvI  |d UtOrBLW 
042 |a pcc 
049 |a WWW 
074 |a 0126-D-03 (online) 
086 0 |a C 60.10:80-43 
100 1 |a Hartman, W. J. 
245 1 0 |a Measurement of the effect of vehicle ignition noise on land-mobile voice channels /  |c W.J. Hartman. 
264 1 |a [Washington, D.C.?] :  |b U.S. Dept. of Commerce, National Telecommunications and Information Administration,  |c 1980. 
300 |a 1 online resource (vii, 19 pages) :  |b illustrations 
336 |a text  |b txt  |2 rdacontent 
337 |a computer  |b c  |2 rdamedia 
338 |a online resource  |b cr  |2 rdacarrier 
490 1 |a NTIA report ;  |v 80-43 
500 |a Title from title screen (viewed on Nov. 5, 2012). 
500 |a "June 1980." 
504 |a Includes bibliographical references (page 8). 
500 |a Electronic resource. 
650 0 |a Radio  |x Interference. 
710 1 |a United States.  |b National Telecommunications and Information Administration. 
776 0 8 |i Print version:  |a Hartman, W. J.  |t Measurement of the effect of vehicle ignition noise on land-mobile voice channels  |w (OCoLC)7208335 
830 0 |a NTIA report ;  |v 80-43. 
856 4 0 |u https://purl.fdlp.gov/GPO/gpo30925  |t 0 
999 |a MARS 
999 f f |s 76bfe33e-2399-3056-9e9c-d3791c380a43  |i 1f6674fa-b11d-30ec-9849-6cf4169e89fc  |t 0 
952 f f |a Texas A&M University  |b College Station  |c Electronic Resources  |d Available Online  |t 0  |e C 60.10:80-43  |h Superintendent of Documents classification 
998 f f |a C 60.10:80-43  |t 0  |l Available Online